000 01195nam a2200289 a 4500
001 000024620
005 20250225123901.0
008 110201s1968 mx a r 000 0 spa d
040 _aDO-SdBNP
_bspa
_cBNPHU
041 1 7 _aspa
_heng
_2Código de idioma MARC
082 _a372.35
_bS163e
100 1 _aSalem, Donald
_950483
240 1 0 _aScience experiences for elementary school teachers.
_lEspañol.
245 1 0 _aExperiencias científicas para maestros de escuelas elementales /
_cDonald Salem ; traducción al español por Hortensia Corona de Contín.
260 _aMéxico, D. F. :
_bCentro Regional de Ayuda Técnica,
_c1968.
300 _avii, 102, [13] p. :
_bil. ;
_c18 cm.
490 1 _aManual Uthea breve
_v394
490 1 _aEducación
_v17
500 _aBiblioteca práctica del maestro moderno.
534 _aTítulo original:
_tScience experiences for elementary school teachers
650 0 _aCiencia
_950484
650 4 _aCiencia
_xEnseñanza elemental
_950485
700 1 _aCorona de Contín, Hortensia,
_etr.
_950486
710 1 _a United States.
_b Agency for International Development
_958056
830 0 _aManual Uthea breve ;
_n17
_pEducación
_v394
_950488
049 _aBNGR
999 _c24113
_d24113